| 000 | 00414nam a22001577a 4500 | ||
|---|---|---|---|
| 003 | OSt | ||
| 005 | 20151022113002.0 | ||
| 008 | 140227s2003 sp ||||| |||| 00| 0 spa d | ||
| 040 |
_bcat _cCPC Lleida |
||
| 110 |
_9264 _aCadena SER |
||
| 245 | 1 | 6 |
_aOndas 1954-2003 _b: historia de los Ondas |
| 260 |
_aMadrid _bRàdio Barcelona _c2003 |
||
| 300 |
_a262 p. _c34 cm. |
||
| 710 |
_93399 _aRàdio Barcelona |
||
| 942 |
_2udc _cMON |
||
| 999 |
_c6701 _d6701 |
||